[Event "Open ASR"]
[Site "Roma ITA"]
[Date "2010.09.16"]
[Round "1"]
[White "Zarfati, Daniele"]
[Black "De Santis, Emilio"]
[Result "1/2-1/2"]
[WhiteElo "1589"]
[BlackElo "1875"]
[PlyCount "97"]
[EventDate "2010.09.16"]

1. c4 c6 2. Nc3 d5 3. e3 Nf6 4. d4 g6 5. Bd3 Bg7 6. Bd2 O-O 7. Qb3 dxc4 8. Bxc4
b5 9. Bd3 Qb6 10. Nf3 Nbd7 11. Qb4 Re8 12. Ne4 Bb7 13. Rc1 a5 14. Qb3 a4 15.
Qa3 Nxe4 16. Bxe4 Nf6 17. Bd3 Nd5 18. Bb4 Rec8 19. O-O Nxb4 20. Qxb4 Bf8 21.
Ne5 e6 22. Nd7 Qd8 23. Qxf8+ Qxf8 24. Nxf8 Kxf8 25. Rc5 Ke7 26. Rfc1 f5 27. h4
Rd8 28. Re5 Rd6 29. Kh2 Rad8 30. Kg3 Rd5 31. Rc5 Kf6 32. Be2 Rxe5 33. Rxe5 Rd5
34. Rxd5 exd5 35. Kf4 h6 36. Bd3 Bc8 37. f3 Be6 38. a3 Bf7 39. g4 g5+ 40. hxg5+
hxg5+ 41. Kg3 fxg4 42. Kxg4 Be6+ 43. Kg3 Bf7 44. e4 dxe4 45. fxe4 Be6 46. d5
cxd5 47. exd5 Bxd5 48. Bxb5 Bb3 49. Be2 1/2-1/2

[Event "Open ASR"]
[Site "Roma ITA"]
[Date "2010.09.20"]
[Round "2"]
[White "Bolla, Vittorio"]
[Black "Passeri, Marco"]
[Result "0-1"]
[WhiteElo "1790"]
[BlackElo "1434"]
[PlyCount "44"]
[EventDate "2010.09.16"]

1. e4 c5 2. Nf3 d6 3. Bb5+ Bd7 4. a4 Nc6 5. O-O g6 6. Re1 Bg7 7. c3 Nf6 8. d4
cxd4 9. cxd4 e5 10. Bxc6 Bxc6 11. d5 Bd7 12. b4 O-O 13. Bd2 h6 14. Na3 Nh5 15.
Rc1 f5 16. Nc4 fxe4 17. Rxe4 Bf5 18. Re1 e4 19. Nd4 Bxd4 20. Bxh6 Qf6 21. Bxf8
Bxf2+ 22. Kh1 Ng3+ 0-1

[Event "Open ASR"]
[Site "Roma ITA"]
[Date "2010.09.20"]
[Round "2"]
[White "Cannavo', Giuseppe"]
[Black "Bogosaljevic, Miodrag"]
[Result "0-1"]
[WhiteElo "1365"]
[BlackElo "1883"]
[PlyCount "60"]
[EventDate "2010.09.16"]

1. e4 c5 2. c4 Nc6 3. Nf3 g6 4. d4 cxd4 5. Nxd4 Bg7 6. Be3 Qb6 7. b3 Nxd4 8.
Nd2 Qa5 9. Be2 Nxe2 10. Kxe2 Bxa1 11. Qxa1 Nf6 12. Nf3 O-O 13. e5 Ng4 14. h3
Nxe3 15. fxe3 d5 16. Rc1 dxc4 17. Rxc4 Be6 18. Rd4 Rfc8 19. Qb2 Rc6 20. b4 Qa4
21. a3 Rc2+ 22. Qxc2 Qxc2+ 23. Nd2 Rc8 24. Kf3 Qd1+ 25. Kf2 Rc2 26. Kg3 Qg1 27.
Kf3 g5 28. Ke2 Qxg2+ 29. Kd1 Bb3 30. Nxb3 Qe2# 0-1

[Event "Open ASR"]
[Site "Roma ITA"]
[Date "2010.09.20"]
[Round "2"]
[White "Covello, Danilo"]
[Black "Zarfati, Daniele"]
[Result "1-0"]
[WhiteElo "1410"]
[BlackElo "1589"]
[PlyCount "125"]
[EventDate "2010.09.16"]

1. d4 Nf6 2. c4 c5 3. d5 e6 4. Nc3 exd5 5. cxd5 d6 6. e4 g6 7. Nf3 Bg7 8. Bf4
Nh5 9. Bg3 a6 10. Be2 Nxg3 11. hxg3 Qa5 12. Rc1 b5 13. Qd2 h5 14. Nd1 Qxa2 15.
e5 dxe5 16. Rxc5 Nd7 17. Rc3 Bb7 18. d6 e4 19. Ra3 Qd5 20. Qxd5 Bxd5 21. Re3
Bh6 22. Nc3 Bxe3 23. Nxd5 Bxf2+ 24. Kxf2 exf3 25. Nc7+ Kf8 26. Nxa8 fxe2 27.
Nc7 Kg7 28. Re1 Nc5 29. Rxe2 Rd8 30. Rc2 Ne4+ 31. Kf3 Nxd6 32. Nxa6 Kf6 33. Nb4
Nf5 34. Rc6+ Rd6 35. Rc5 Rd2 36. Rxb5 Nd4+ 37. Ke3 Rxg2 38. Kxd4 Rxg3 39. Nd5+
Kg7 40. b4 h4 41. Ra5 h3 42. Ra1 h2 43. Rh1 Rg2 44. b5 g5 45. b6 g4 46. Ne3 Rb2
47. Kc5 g3 48. Kc6 Kg6 49. b7 f5 50. Ng2 Kg5 51. Rf1 Kg4 52. Kc7 Rxg2 53. b8=Q
Rg1 54. Qb4+ Kh3 55. Qf4 h1=Q 56. Qxf5+ Kh2 57. Qc2+ Kh3 58. Qf5+ Kh2 59. Qc2+
g2 60. Qh7+ Kg3 61. Qg6+ Kh2 62. Qh5+ Kg3 63. Rf3# 1-0

[Event "Open ASR"]
[Site "Roma ITA"]
[Date "2010.09.20"]
[Round "2"]
[White "De Santis, Emilio"]
[Black "Andreozzi, Paolo"]
[Result "0-1"]
[WhiteElo "1875"]
[BlackElo "1723"]
[PlyCount "72"]
[EventDate "2010.09.16"]

1. d4 d5 2. c4 c6 3. e3 e6 4. Nc3 Bd6 5. Qc2 f5 6. cxd5 exd5 7. Nf3 Nf6 8. Bd3
Ne4 9. Bd2 Nd7 10. Rf1 O-O 11. O-O-O Ndf6 12. Ne5 Nxd2 13. Rxd2 Ne4 14. Rdd1
Qa5 15. Kb1 Nxc3+ 16. bxc3 Bxe5 17. dxe5 Be6 18. f4 Qb6+ 19. Ka1 Qxe3 20. Rde1
Qc5 21. g4 g6 22. Rg1 fxg4 23. Bxg6 Rxf4 24. Bxh7+ Kh8 25. Rg3 Rf2 26. Qb3 Raf8
27. Bd3 Rxh2 28. Be2 Qf2 29. Rgg1 Qc5 30. Bxg4 Bxg4 31. Rxg4 Qf2 32. Reg1 Qe3
33. e6 b5 34. R1g2 Rxg2 35. Rxg2 Rf1+ 36. Kb2 Qc1# 0-1

[Event "Open ASR"]
[Site "Roma ITA"]
[Date "2010.09.20"]
[Round "2"]
[White "Di Carlo, Adriano"]
[Black "Dorascenzi, Angelo"]
[Result "1/2-1/2"]
[WhiteElo "1389"]
[BlackElo "1407"]
[PlyCount "56"]
[EventDate "2010.09.16"]

1. e4 e5 2. Nf3 Nc6 3. d4 exd4 4. Nxd4 Bc5 5. Be3 d6 6. Nxc6 bxc6 7. Bxc5 dxc5
8. Qxd8+ Kxd8 9. Bc4 f6 10. Nd2 Ne7 11. Rd1 Ke8 12. O-O a5 13. Rfe1 Ng6 14. Nf3
Bg4 15. Re3 Ne5 16. Bb3 a4 17. Bf7+ Kxf7 18. Nxe5+ fxe5 19. f3 Be6 20. Red3
Rhe8 21. b3 c4 22. Re3 axb3 23. axb3 Ra3 24. g4 Rb8 25. Kf2 Ke7 26. Kg3 cxb3
27. cxb3 Raxb3 28. Rxb3 Rxb3 1/2-1/2

[Event "Open ASR"]
[Site "Roma ITA"]
[Date "2010.09.20"]
[Round "2"]
[White "Di Mauro, Giuseppe"]
[Black "Rampini, Carlo"]
[Result "1-0"]
[WhiteElo "1946"]
[BlackElo "1791"]
[PlyCount "99"]
[EventDate "2010.09.16"]

1. c4 e5 2. Nc3 Nc6 3. Nf3 f5 4. d4 e4 5. Ng5 Bb4 6. g3 Nf6 7. Bg2 O-O 8. h4
Qe7 9. a3 Bxc3+ 10. bxc3 d6 11. Rb1 Nd8 12. O-O c5 13. d5 Nf7 14. Nxf7 Qxf7 15.
f3 Qg6 16. Bf4 Nh5 17. Qe1 b6 18. e3 Bd7 19. Bh3 Rae8 20. Kh2 Nxf4 21. gxf4 Qf6
22. Rb2 Re7 23. Bg2 g6 24. fxe4 fxe4 25. Rg1 Kf7 26. Bh3 Bxh3 27. Kxh3 h6 28.
Rbg2 Rg8 29. Kh2 Ke8 30. Rg4 Reg7 31. R1g2 g5 32. fxg5 Qe5+ 33. Qg3 Qe7 34. g6
h5 35. Rg5 Kd8 36. Rf2 Rf8 37. Rxf8+ Qxf8 38. Rxh5 Qf6 39. Qg5 Ke7 40. Rh7 Qxg5
41. hxg5 Kf8 42. Rh8+ Ke7 43. Rh6 a6 44. Kg3 Kf8 45. Kf4 b5 46. cxb5 axb5 47.
Rh8+ Rg8 48. Rxg8+ Kxg8 49. Kxe4 Kg7 50. Kf5 1-0

[Event "Open ASR"]
[Site "Roma ITA"]
[Date "2010.09.20"]
[Round "2"]
[White "Dietrich, Stefano"]
[Black "Castellano, Lorenzo"]
[Result "1/2-1/2"]
[WhiteElo "1763"]
[BlackElo "1881"]
[PlyCount "41"]
[EventDate "2010.09.16"]

1. Nf3 Nf6 2. c4 g6 3. g3 Bg7 4. Bg2 d6 5. Nc3 e5 6. O-O O-O 7. e4 c6 8. b4 a5
9. b5 Be6 10. Qe2 h6 11. Ba3 Re8 12. d4 exd4 13. Nxd4 Nh5 14. Nxe6 Rxe6 15. Qd3
Nd7 16. f4 Nc5 17. Bxc5 dxc5 18. Rad1 Bd4+ 19. Kh1 Rd6 20. Ne2 Qd7 21. bxc6
1/2-1/2

[Event "Open ASR"]
[Site "Roma ITA"]
[Date "2010.09.20"]
[Round "2"]
[White "Elia, Alessio"]
[Black "Prudenzano, Ruggero"]
[Result "1/2-1/2"]
[WhiteElo "1920"]
[BlackElo "1929"]
[PlyCount "42"]
[EventDate "2010.09.16"]

1. d4 Nf6 2. Nf3 c5 3. e3 g6 4. c3 Bg7 5. Bd3 O-O 6. Nbd2 d5 7. h3 Nc6 8. O-O
cxd4 9. exd4 Qc7 10. Re1 Re8 11. Nf1 Bf5 12. Bxf5 gxf5 13. Ng3 e6 14. Ne2 Ne4
15. Bf4 Qe7 16. Ne5 Nxe5 17. Bxe5 Qh4 18. Bg3 Qg5 19. Bf4 Qh4 20. Bg3 Qg5 21.
Bf4 Qh4 1/2-1/2

[Event "Open ASR"]
[Site "Roma ITA"]
[Date "2010.09.20"]
[Round "2"]
[White "Fargnoli, Maurizio"]
[Black "Pardo, Paolo"]
[Result "0-1"]
[WhiteElo "1678"]
[BlackElo "1736"]
[PlyCount "44"]
[EventDate "2010.09.16"]

1. e4 c5 2. d4 cxd4 3. Nf3 Nc6 4. Nxd4 e6 5. Bb5 a6 6. Ba4 Qc7 7. Be3 Nf6 8.
Nd2 Be7 9. O-O O-O 10. c3 Rd8 11. f4 b5 12. Bc2 d6 13. g4 e5 14. Nf5 Bxf5 15.
exf5 Nd5 16. Qe2 Nxf4 17. Bxf4 exf4 18. Rxf4 d5 19. Qf2 Ne5 20. Nb3 Nc4 21. f6
Bxf6 22. g5 Bxg5 0-1

[Event "Open ASR"]
[Site "Roma ITA"]
[Date "2010.09.20"]
[Round "2"]
[White "Pastore, Cosmas"]
[Black "Verrascina, Nicola"]
[Result "1-0"]
[WhiteElo "1810"]
[BlackElo "2014"]
[PlyCount "119"]
[EventDate "2010.09.16"]

1. e4 Nc6 2. Nf3 Nf6 3. Nc3 e5 4. Bb5 d6 5. d4 exd4 6. Nxd4 Bd7 7. Bxc6 bxc6 8.
O-O Be7 9. Re1 O-O 10. Nf5 Bxf5 11. exf5 Re8 12. Bg5 Qd7 13. Qf3 h6 14. Bh4
Rab8 15. b3 d5 16. Re2 Nh7 17. Bxe7 Rxe7 18. Rae1 Rbe8 19. Rxe7 Rxe7 20. Rxe7
Qxe7 21. Qe2 Qxe2 22. Nxe2 Kf8 23. Nd4 c5 24. Nb5 Ke7 25. Nxc7 Kd6 26. Ne8+ Ke5
27. Nxg7 Kf6 28. Ne8+ Kxf5 29. Nd6+ Ke6 30. Nc8 a6 31. Nb6 Nf6 32. f3 Ke5 33.
Kf2 Kd4 34. Na4 Nd7 35. Ke2 f5 36. c3+ Ke5 37. Nb2 Nf6 38. Nd3+ Kd6 39. Nf4 Ke5
40. g3 Ne8 41. Nd3+ Kd6 42. Ke3 Ng7 43. Kf4 a5 44. g4 fxg4 45. fxg4 Ne6+ 46.
Kf5 Ng5 47. Nf2 Nf3 48. h3 Ne5 49. h4 Nf3 50. h5 Ne5 51. Kf6 Nf3 52. Kg6 Ke5
53. Kxh6 Kf6 54. Nh3 d4 55. cxd4 cxd4 56. g5+ Kf7 57. g6+ Kg8 58. Nf2 Ne5 59.
Ne4 Nd7 60. Kg5 1-0

[Event "Open ASR"]
[Site "Roma ITA"]
[Date "2010.09.20"]
[Round "2"]
[White "Quimi, Marco"]
[Black "Condemi De Felice, Alfonso"]
[Result "1-0"]
[WhiteElo "2195"]
[BlackElo "1907"]
[PlyCount "107"]
[EventDate "2010.09.16"]

1. e4 g6 2. Nf3 Bg7 3. d4 d6 4. Bc4 Nf6 5. Qe2 c6 6. Nc3 O-O 7. e5 dxe5 8. dxe5
Nd5 9. O-O h6 10. Rd1 Nxc3 11. bxc3 Qa5 12. e6 Bxe6 13. Bxe6 fxe6 14. Qxe6+ Kh7
15. Qxe7 Na6 16. Rd7 Qxc3 17. Qh4 Qxa1 18. Qxh6+ Kg8 19. Qe3 Rae8 20. Qb3+ Kh8
21. Rd1 Qc3 22. Qxb7 Qxc2 23. Rf1 Qc4 24. Be3 Rf7 25. Qb1 Qg4 26. h3 Qf5 27.
Qb3 Rd7 28. Qa4 Nc7 29. Qxc6 Qe6 30. Qa4 Bf6 31. Re1 Qd5 32. Qxa7 Kg7 33. Qa3
Ra8 34. Qb4 Rxa2 35. Qf4 g5 36. Qg4 Qe6 37. Qh5 Qf7 38. Qg4 Ne6 39. h4 Ra1 40.
Bc1 Re7 41. hxg5 Nxg5 42. Rf1 Re4 43. Qg3 Qc4 44. Nxg5 Qxf1+ 45. Kh2 Be5 46. f4
Bxf4 47. Ne6+ Kf6 48. Nxf4 Qxc1 49. Qg6+ Ke5 50. Nd3+ Kd4 51. Qd6+ Ke3 52. Nxc1
Rxc1 53. Qh6+ Rf4 54. g3 1-0

[Event "Open ASR"]
[Site "Roma ITA"]
[Date "2010.09.20"]
[Round "2"]
[White "Scotto D'Abusco, Dario"]
[Black "Macri', Giuseppe"]
[Result "1-0"]
[WhiteElo "1500"]
[BlackElo "1254"]
[PlyCount "129"]
[EventDate "2010.09.16"]

1. d4 e6 2. e4 b6 3. c4 Bb7 4. Nc3 Bb4 5. Bd3 Nf6 6. Qe2 a5 7. Nf3 Bxc3+ 8.
bxc3 Nh5 9. Bg5 f6 10. Bc1 e5 11. dxe5 fxe5 12. Nxe5 Nf6 13. Bg5 Qe7 14. Bxf6
Qxf6 15. f4 d6 16. O-O dxe5 17. Qh5+ Kd8 18. fxe5 Qg6 19. Qf3 Nd7 20. Qf4 Rf8
21. Qh4+ Kc8 22. Rxf8+ Nxf8 23. Qe7 Bxe4 24. Bxe4 Qxe4 25. Qxf8+ Kb7 26. Qxg7
Qxc4 27. Qg3 Rg8 28. Qf3+ Ka6 29. Qe3 Rd8 30. Qf3 Qc5+ 31. Qf2 Qxe5 32. Qf3
Qc5+ 33. Kh1 Rd5 34. a4 Rf5 35. Qd3+ Ka7 36. Rb1 Qf8 37. h3 Rf2 38. Qxh7 Qc5
39. Qd3 Qc6 40. Qg3 Ra2 41. Qf3 Qxa4 42. Qd3 Qc6 43. Qf3 Qxf3 44. gxf3 Rc2 45.
Rf1 a4 46. f4 a3 47. Kg1 Rxc3 48. Kg2 Rc2+ 49. Kg3 a2 50. f5 Rb2 51. Ra1 Kb7
52. f6 Rb3+ 53. Kg4 Rb4+ 54. Kg5 Rb5+ 55. Kg6 Re5 56. f7 Re6+ 57. Kg7 Rd6 58.
f8=Q Rd7+ 59. Kg8 Rd3 60. Rxa2 Rg3+ 61. Kh7 Rxh3+ 62. Kg6 Rg3+ 63. Kh5 Rh3+ 64.
Kg4 Rb3 65. Qa8# 1-0

[Event "Open ASR"]
[Site "Roma ITA"]
[Date "2010.09.20"]
[Round "2"]
[White "Sermoneta, Eugenio"]
[Black "Maurizio, Antonio"]
[Result "0-1"]
[WhiteElo "1781"]
[BlackElo "1886"]
[PlyCount "84"]
[EventDate "2010.09.16"]

1. c4 e6 2. Nc3 d5 3. cxd5 exd5 4. d4 Be7 5. Nf3 c6 6. Bf4 Bf5 7. e3 Nf6 8. Bd3
Bxd3 9. Qxd3 Nbd7 10. h3 Nf8 11. O-O Ng6 12. Rfe1 Nxf4 13. exf4 O-O 14. Re3 Nd7
15. Rae1 Bd6 16. g3 Qf6 17. Ne5 Bxe5 18. fxe5 Qe6 19. g4 f5 20. exf6 Qxf6 21.
f3 Nb6 22. b3 Qf7 23. Kg2 Rfe8 24. Qe2 Kf8 25. Qd3 g6 26. f4 Rxe3 27. Rxe3 Re8
28. Ne2 Rxe3 29. Qxe3 Qe7 30. Qe5 Qxe5 31. fxe5 Ke7 32. h4 Nd7 33. Kf3 c5 34.
Kf4 cxd4 35. Nxd4 Nc5 36. Nf3 Ne6+ 37. Ke3 Kd7 38. Nd4 Nxd4 39. Kxd4 Ke6 40. g5
b6 41. a3 a6 42. b4 b5 0-1

[Event "Open ASR"]
[Site "Roma ITA"]
[Date "2010.09.20"]
[Round "2"]
[White "Spada, Angelo"]
[Black "Wollenweber, Carsten"]
[Result "0-1"]
[WhiteElo "2046"]
[BlackElo "2131"]
[PlyCount "88"]
[EventDate "2010.09.16"]

1. d4 b5 2. e3 Bb7 3. f4 e6 4. Nf3 a6 5. Bd3 c5 6. c3 Nf6 7. O-O Nc6 8. Nbd2
Qb6 9. a4 Nd5 10. Ne4 d6 11. axb5 axb5 12. Rxa8+ Bxa8 13. Nfg5 g6 14. Qe2 c4
15. Bc2 Be7 16. g4 h6 17. Nh3 f5 18. Ng3 Nf6 19. Nf2 Kf7 20. e4 fxg4 21. e5 Nh7
22. Qxg4 Nf8 23. exd6 Bxd6 24. Re1 Ne7 25. Nfe4 Nf5 26. Nxd6+ Qxd6 27. Be4 Nd7
28. Bxa8 Rxa8 29. Nxf5 exf5 30. Qh4 h5 31. Bd2 Nf6 32. Re5 Ra1+ 33. Be1 b4 34.
Qf2 Ng4 35. Qd2 bxc3 36. Qxc3 Nxe5 37. dxe5 Qd3 38. Qb4 Qe3+ 39. Kg2 Qe4+ 40.
Kf2 Qxf4+ 41. Kg2 Qe4+ 42. Kf2 Rxe1 43. b3 Qe3+ 44. Kg2 Rg1# 0-1

[Event "Open ASR"]
[Site "Roma ITA"]
[Date "2010.09.20"]
[Round "2"]
[White "Urzi', Silvio"]
[Black "Russo, Roberto"]
[Result "0-1"]
[WhiteElo "1781"]
[BlackElo "1863"]
[PlyCount "50"]
[EventDate "2010.09.16"]

1. c4 e5 2. e3 d6 3. d4 Be7 4. Nc3 f5 5. Bd3 Nf6 6. Qc2 e4 7. Be2 c6 8. Nh3 Na6
9. Nf4 Nc7 10. d5 Nd7 11. dxc6 bxc6 12. g4 Ne5 13. gxf5 Bxf5 14. Rg1 g6 15. Bd2
Rb8 16. O-O-O Kf8 17. Nxe4 d5 18. cxd5 cxd5 19. Qc3 Bxe4 20. Qxe5 Bf6 21. Qxe4
dxe4 22. Bc4 Kg7 23. Bc3 Bxc3 24. Rxd8 Rhxd8 25. h4 Be5 0-1

[Event "Open ASR"]
[Site "Roma ITA"]
[Date "2010.09.28"]
[Round "3"]
[White "Andreozzi, Paolo"]
[Black "Russo, Roberto"]
[Result "0-1"]
[WhiteElo "1723"]
[BlackElo "1863"]
[PlyCount "56"]
[EventDate "2010.09.16"]

1. d4 d5 2. c4 dxc4 3. e3 e5 4. d5 Nf6 5. Nc3 c6 6. Bxc4 b5 7. Bb3 b4 8. Na4
cxd5 9. Nf3 Bg4 10. Qe2 e4 11. Qb5+ Bd7 12. Qe2 exf3 13. gxf3 Qa5 14. Qd1 Na6
15. Bd2 Nc5 16. Nxc5 Bxc5 17. Rg1 O-O 18. Bc2 Qb6 19. Bd3 Bb5 20. Qb3 Bxd3 21.
Qxd3 a5 22. Rd1 Rfe8 23. Bc1 Rac8 24. Kf1 Rc6 25. Qb3 Qa6+ 26. Rd3 a4 27. Qd1
Bf8 28. Kg2 Rxc1 0-1

[Event "Open ASR"]
[Site "Roma ITA"]
[Date "2010.09.28"]
[Round "3"]
[White "Castellano, Lorenzo"]
[Black "Vuelban, Virgilio"]
[Result "0-1"]
[WhiteElo "1881"]
[BlackElo "2370"]
[PlyCount "86"]
[EventDate "2010.09.16"]

1. e4 c5 2. Nc3 Nc6 3. f4 g6 4. Nf3 Bg7 5. Bb5 Nd4 6. O-O a6 7. Bc4 e6 8. a4
Ne7 9. e5 d5 10. exd6 Qxd6 11. d3 O-O 12. Ne4 Qc7 13. c3 Nxf3+ 14. Qxf3 b6 15.
Qe3 Bb7 16. Qh3 Nf5 17. Bd2 Rad8 18. Rad1 Qc8 19. Rfe1 Bd5 20. Bxd5 Rxd5 21. g4
Nd6 22. Bc1 Nxe4 23. dxe4 Rxd1 24. Rxd1 Qc6 25. Qd3 Qxa4 26. e5 Rb8 27. Qd6 Bf8
28. Qd7 b5 29. h3 Qe4 30. Qd3 Qa8 31. f5 c4 32. Qf1 Rd8 33. fxe6 fxe6 34. Bg5
Rxd1 35. Qxd1 Qe4 36. Bf6 Bc5+ 37. Kh2 Qd3 38. Qxd3 cxd3 39. Bg5 b4 40. Bd2
bxc3 41. bxc3 a5 42. Kg2 a4 43. Bc1 a3 0-1

[Event "Open ASR"]
[Site "Roma ITA"]
[Date "2010.09.28"]
[Round "3"]
[White "Condemi De Felice, Alfonso"]
[Black "Urzi', Silvio"]
[Result "0-1"]
[WhiteElo "1907"]
[BlackElo "1781"]
[PlyCount "52"]
[EventDate "2010.09.16"]

1. d4 d5 2. Nf3 c5 3. e3 Nc6 4. Bd3 Bg4 5. O-O cxd4 6. Bb5 e5 7. h3 Bxf3 8.
Qxf3 dxe3 9. fxe3 Nf6 10. c4 Qb6 11. Nc3 O-O-O 12. Qf5+ Kb8 13. Bxc6 Qxc6 14.
Qxe5+ Bd6 15. cxd5 Nxd5 16. Qd4 Nxe3 17. Bxe3 Bh2+ 18. Kxh2 Rxd4 19. Bxd4 Qd6+
20. Kh1 Qxd4 21. Rxf7 Qd2 22. Rd1 Qxb2 23. Rxb7+ Qxb7 24. Rb1 Qxb1+ 25. Nxb1
Rc8 26. Kh2 Rc1 0-1

[Event "Open ASR"]
[Site "Roma ITA"]
[Date "2010.09.28"]
[Round "3"]
[White "De Santis, Emilio"]
[Black "Bolla, Vittorio"]
[Result "1/2-1/2"]
[WhiteElo "1875"]
[BlackElo "1790"]
[PlyCount "105"]
[EventDate "2010.09.16"]

1. Nf3 Nf6 2. c4 c5 3. d4 cxd4 4. Nxd4 Nc6 5. g3 g6 6. Bg2 Bg7 7. O-O O-O 8.
Nc3 a6 9. Rb1 Re8 10. Nxc6 dxc6 11. Qc2 e5 12. b4 Be6 13. Na4 Qd4 14. c5 Bf5
15. e4 Nxe4 16. Be3 Nf6 17. Qxf5 gxf5 18. Bxd4 exd4 19. Rbd1 Rad8 20. Bf3 Nd5
21. a3 Nc3 22. Nxc3 dxc3 23. Rc1 Rd2 24. Rfd1 Rdd8 25. Re1 Bd4 26. Re2 Rxe2 27.
Bxe2 Bf6 28. Rc2 Rd2 29. Rxd2 cxd2 30. Bd1 Bb2 31. a4 Ba3 32. b5 axb5 33. axb5
Bxc5 34. bxc6 bxc6 35. Kf1 Bb4 36. Ke2 Kg7 37. h4 h6 38. Kd3 Kf6 39. f3 c5 40.
Bb3 Ke5 41. f4+ Kd6 42. Bd1 Kc6 43. Kc4 Ba3 44. h5 f6 45. Kd3 Bc1 46. Kc4 Kd6
47. Kd3 Kd5 48. Bf3+ Kd6 49. Bd1 Bb2 50. Kxd2 Kd5 51. Bc2 Kd4 52. Bxf5 c4 53.
g4 1/2-1/2

[Event "Open ASR"]
[Site "Roma ITA"]
[Date "2010.09.28"]
[Round "3"]
[White "Macri', Giuseppe"]
[Black "Fargnoli, Maurizio"]
[Result "0-1"]
[WhiteElo "1254"]
[BlackElo "1678"]
[PlyCount "70"]
[EventDate "2010.09.16"]

1. e4 d6 2. Nc3 g6 3. Nf3 Bg7 4. Bc4 Nf6 5. d3 c5 6. Ng5 e6 7. Bf4 O-O 8. Qf3
a6 9. Qg3 Nh5 10. Qe3 b5 11. Bb3 Nc6 12. a4 b4 13. Nd1 Nd4 14. Nf3 Nxf4 15.
Qxf4 Nxb3 16. cxb3 Bb7 17. Nd2 Be5 18. Qh6 Qf6 19. Nc4 Bf4 20. Qh3 d5 21. Nb6
Rad8 22. g3 Bc7 23. Qh4 Qxh4 24. gxh4 Bxb6 25. exd5 Bxd5 26. Ne3 Bxh1 27. Kd2
Be4 28. a5 Rxd3+ 29. Ke2 Bc7 30. Ng4 Kg7 31. Ne3 Rfd8 32. f3 Rd2+ 33. Ke1 Bxf3
34. Nc4 Rxh2 35. Ne3 Bg3+ 0-1

[Event "Open ASR"]
[Site "Roma ITA"]
[Date "2010.09.28"]
[Round "3"]
[White "Maurizio, Antonio"]
[Black "Pastore, Cosmas"]
[Result "1-0"]
[WhiteElo "1886"]
[BlackElo "1810"]
[PlyCount "110"]
[EventDate "2010.09.16"]

1. c4 c6 2. d4 d5 3. cxd5 cxd5 4. Nf3 Nc6 5. Nc3 Bg4 6. Bf4 e6 7. e3 Nf6 8. Bb5
Rc8 9. Qa4 Bxf3 10. gxf3 Qb6 11. Bxc6+ bxc6 12. Rb1 Bb4 13. O-O Nh5 14. Bg3
Nxg3 15. fxg3 O-O 16. a3 Be7 17. b4 a6 18. f4 Ra8 19. Qc2 Rfc8 20. Na4 Qa7 21.
Nc5 a5 22. b5 cxb5 23. Rxb5 Bxc5 24. Rxc5 Rxc5 25. dxc5 Rc8 26. Rc1 f6 27. e4
dxe4 28. Qxe4 Qe7 29. c6 g6 30. Kg2 Kf7 31. Rb1 Qd6 32. Rb7+ Kg8 33. Rb6 Qd5
34. Qxd5 exd5 35. Kf3 Kf7 36. Ke3 f5 37. Kd4 Ke6 38. Kc5 d4 39. Kxd4 Kd6 40.
Rb7 Kxc6 41. Rxh7 Kb5 42. Rh6 Rc6 43. h4 a4 44. h5 Rd6+ 45. Ke5 Rd3 46. Rxg6
Rxa3 47. Kxf5 Ra1 48. g4 a3 49. Rg8 a2 50. Ra8 Kb4 51. h6 Kb3 52. h7 Rh1 53.
Rxa2 Kxa2 54. Kg6 Kb3 55. Kg7 Rg1 1-0

[Event "Open ASR"]
[Site "Roma ITA"]
[Date "2010.09.28"]
[Round "3"]
[White "Napoli, Nicolo'"]
[Black "Dietrich, Stefano"]
[Result "1-0"]
[WhiteElo "2308"]
[BlackElo "1763"]
[PlyCount "53"]
[EventDate "2010.09.16"]

1. e4 c5 2. Nf3 Nc6 3. c3 Nf6 4. e5 Nd5 5. Bc4 e6 6. O-O Be7 7. d4 Nb6 8. Bd3
d5 9. Bf4 g5 10. Be3 c4 11. Be2 g4 12. Nfd2 h5 13. b3 Na5 14. f3 Bg5 15. Bf2 f5
16. exf6 Qxf6 17. fxg4 hxg4 18. Bg3 Be3+ 19. Kh1 Qh6 20. Bxg4 Bd7 21. Nf3 Bf4
22. Bxf4 Qxf4 23. Bh3 O-O-O 24. Ne5 Qe4 25. Nd2 Qe3 26. Rf3 Rxh3 27. gxh3 1-0

[Event "Open ASR"]
[Site "Roma ITA"]
[Date "2010.09.28"]
[Round "3"]
[White "Pardo, Paolo"]
[Black "Di Mauro, Giuseppe"]
[Result "0-1"]
[WhiteElo "1736"]
[BlackElo "1946"]
[PlyCount "82"]
[EventDate "2010.09.16"]

1. e4 e6 2. d4 d5 3. Nd2 Nf6 4. e5 Nfd7 5. Bd3 c5 6. c3 Nc6 7. Ne2 cxd4 8. cxd4
Nb4 9. Bb1 Be7 10. a3 Nc6 11. Nf3 b6 12. Bd3 Bb7 13. Be3 Rc8 14. Rc1 O-O 15.
O-O Ndb8 16. b4 f6 17. Nf4 Qd7 18. exf6 gxf6 19. Bxh7+ Kxh7 20. Ng5+ Kg8 21.
Qh5 Bd6 22. Ng6 fxg5 23. Qh8+ Kf7 24. Qh5 Kg7 25. Qxg5 Rf5 26. Qh6+ Kg8 27.
Qh8+ Kf7 28. Qh7+ Kf6 29. Qh4+ Kxg6 30. Qh6+ Kf7 31. Qh7+ Ke8 32. Qg8+ Rf8 33.
Qg6+ Qf7 34. Qg4 Rh8 35. f4 Ne7 36. Rce1 Rc2 37. Bf2 Qxf4 38. Qxf4 Bxf4 39. g3
Bd6 40. Rxe6 Kd7 41. Ree1 Nbc6 0-1

[Event "Open ASR"]
[Site "Roma ITA"]
[Date "2010.09.28"]
[Round "3"]
[White "Passeri, Marco"]
[Black "Quimi, Marco"]
[Result "0-1"]
[WhiteElo "1434"]
[BlackElo "2195"]
[PlyCount "64"]
[EventDate "2010.09.16"]

1. d4 Nf6 2. Nf3 d5 3. e3 Bf5 4. c4 e6 5. Qb3 Qc8 6. Nc3 c6 7. Bd2 Nbd7 8. cxd5
exd5 9. Rc1 Qb8 10. Na4 Ne4 11. Bd3 b5 12. Bxe4 Bxe4 13. Nc3 Bxf3 14. gxf3 Bd6
15. e4 O-O 16. e5 Bxe5 17. Nxd5 cxd5 18. dxe5 Qxe5+ 19. Qe3 Rfe8 20. O-O Qxb2
21. Qf4 Qe5 22. Qb4 Qf5 23. Rc3 Ne5 24. f4 Nc4 25. Rg3 d4 26. Rg5 Qc2 27. Bc1
a6 28. Qc5 h6 29. Rg3 Rad8 30. f5 Kh7 31. Qc7 Qxf5 32. Qb7 Re6 0-1

[Event "Open ASR"]
[Site "Roma ITA"]
[Date "2010.09.28"]
[Round "3"]
[White "Prudenzano, Ruggero"]
[Black "Sermoneta, Eugenio"]
[Result "1-0"]
[WhiteElo "1929"]
[BlackElo "1781"]
[PlyCount "37"]
[EventDate "2010.09.16"]

1. d4 Nf6 2. c4 e6 3. Nc3 Bb4 4. e3 c5 5. a3 cxd4 6. axb4 dxc3 7. bxc3 O-O 8.
Bd3 Nc6 9. Nf3 b6 10. O-O Bb7 11. e4 Qc7 12. Qe2 d5 13. e5 Ne4 14. cxd5 Nxc3
15. Bxh7+ Kh8 16. Qc4 Nxd5 17. Qh4 Qe7 18. Bg5 Qxb4 19. Be4+ 1-0

[Event "Open ASR"]
[Site "Roma ITA"]
[Date "2010.09.28"]
[Round "3"]
[White "Rampini, Carlo"]
[Black "Elia, Alessio"]
[Result "1-0"]
[WhiteElo "1791"]
[BlackElo "1920"]
[PlyCount "61"]
[EventDate "2010.09.16"]

1. e4 d6 2. d4 Nf6 3. f3 g6 4. c4 Bg7 5. Nc3 O-O 6. Be3 Nc6 7. Qd2 e5 8. d5 Ne7
9. g4 Ne8 10. Bh6 Nf5 11. Bg5 f6 12. exf5 fxg5 13. fxg6 hxg6 14. Ne4 Nf6 15.
Bd3 Nxe4 16. Bxe4 Qf6 17. Ne2 Bd7 18. O-O-O Rad8 19. h4 gxh4 20. g5 Qf7 21.
Rxh4 Bf5 22. Qd3 Qe7 23. Qe3 Kf7 24. Ng3 Qd7 25. Rh7 Rg8 26. Rdh1 b6 27. Bxf5
gxf5 28. g6+ Kf8 29. Nh5 Qe7 30. Nxg7 Rxg7 31. Qh6 1-0

[Event "Open ASR"]
[Site "Roma ITA"]
[Date "2010.09.28"]
[Round "3"]
[White "Verrascina, Nicola"]
[Black "Cannavo', Giuseppe"]
[Result "1-0"]
[WhiteElo "2014"]
[BlackElo "1365"]
[PlyCount "35"]
[EventDate "2010.09.16"]

1. e4 e5 2. f4 Nf6 3. Nc3 d6 4. Bc4 Qe7 5. Nf3 Nc6 6. O-O Bd7 7. d3 g6 8. fxe5
Nxe5 9. Nxe5 dxe5 10. Bg5 Bg7 11. Nd5 Qc5+ 12. Be3 Qc6 13. Qf3 Kf8 14. Nxf6
Bxf6 15. Qxf6 Qxf6 16. Rxf6 Ke7 17. Rxf7+ Ke8 18. Raf1 1-0

[Event "Open ASR"]
[Site "Roma ITA"]
[Date "2010.09.28"]
[Round "3"]
[White "Wollenweber, Carsten"]
[Black "Covello, Danilo"]
[Result "1-0"]
[WhiteElo "2131"]
[BlackElo "1410"]
[PlyCount "71"]
[EventDate "2010.09.16"]

1. e4 e6 2. Qe2 Ne7 3. f4 d5 4. d3 b6 5. e5 c5 6. Nf3 Nbc6 7. Be3 d4 8. Bf2 Nd5
9. g3 Bb7 10. Bg2 Qd7 11. Nbd2 Rc8 12. a3 Nde7 13. Ne4 Nd5 14. Nfd2 Na5 15. Nc4
Nxc4 16. dxc4 Nc7 17. Nd6+ Bxd6 18. Bxb7 Be7 19. Bxc8 Qxc8 20. g4 Qb7 21. O-O
O-O 22. f5 exf5 23. gxf5 Bg5 24. Qg4 Bh6 25. Rae1 b5 26. b3 bxc4 27. bxc4 Qa6
28. Qe2 Re8 29. Qd3 g6 30. e6 fxe6 31. Bg3 Be3+ 32. Rxe3 dxe3 33. f6 Rc8 34.
f7+ Kf8 35. Bd6+ Kg7 36. f8=Q+ 1-0